| 000 | 01464aab a2200253 i 4500 | ||
|---|---|---|---|
| 001 | 768714001 | ||
| 003 | CO-MdFUSB | ||
| 005 | 20260305201811.0 | ||
| 008 | 240805t1996 -us||||| |||| 00| 0 eng d | ||
| 040 |
_bspa _cCO-MdFUSB |
||
| 041 | _aeng | ||
| 100 | 1 |
_aVolf, Miroslav _eautor |
|
| 245 | 1 | 0 |
_aFishing in the neighbor's pond : _bmission and proselytism in eastern Europe _c/ Miroslav Volf |
| 520 | _aNo es necesario ser un experto en el cristianismo de Europa del Este para saber que en el centro del malestar religioso están los problemas de evangelización y proselitismo. Los protestantes, particularmente los evangélicos, perciben el proselitismo como una misión legítima, mientras que los católicos y los ortodoxos lo ven como ilegal y culturalmente dañino. La revolución silenciosa de 1989 pareció señalar el comienzo de un nuevo capítulo para todas las iglesias de Europa del Este. Se enfrentaron a la opresión y la discriminación bajo el gobierno comunista totalitario; ahora buscan la libertad en un sistema democrático. | ||
| 546 | _aTexto en inglés. | ||
| 650 | 0 |
_aEvangelización _9362 |
|
| 650 | 7 |
_aReligión _9385 |
|
| 650 | 7 |
_aAntropología cultural y social _96714 |
|
| 650 | 0 |
_a Ecumenismo _xHistoria _91146 |
|
| 653 | _aEuropa | ||
| 773 | 0 |
_tInternational Bulletin _049483 _961012 _gVolumen 20, (número 1, 1996), páginas: 26 - 31 _qpágina: 26 |
|
| 942 | _cANA | ||
| 945 | _aCatherine Arias Álvarez - Practicante SENA | ||
| 999 |
_c57418 _d57418 |
||